Score 0/40 Timer 08:00
4 Plays Today
% Correct
Charlie's Angels
93.7%
Meet the Parents
91.5%
Miss Congeniality
89.7%
X-Men
88.7%
Gladiator
88.7%
Shanghai Noon
88.2%
Cast Away
88.2%
Erin Brockovich
88%
Crouching Tiger, Hidden Dragon
87.8%
Mission: Impossible II
87.7%
What Women Want
85.1%
Dude, Where's My Car?
84%
Me, Myself & Irene
83.2%
The Patriot
82.8%
Scream 3
81.6%
Little Nicky
79.4%
American Psycho
79.1%
Chocolat
78.8%
O Brother, Where Art Thou?
78.6%
Big Momma's House
77.2%
% Correct
Gone in Sixty Seconds
76.8%
How the Grinch Stole Christmas
75.7%
Bring It On
75.6%
Space Cowboys
75.1%
Scary Movie
74.1%
Almost Famous
73.9%
The Whole Nine Yards
72.7%
Bedazzled
72%
The Perfect Storm
70%
Snatch.
69.1%
High Fidelity
68.8%
Unbreakable
66.1%
Road Trip
63.5%
The Family Man
62%
Memento
61.8%
Next Friday
61.5%
Best in Show
60.7%
The 6th Day
55.5%
Mission to Mars
43.5%
Red Planet
40.4%
Remove Ads.
Support Sporcle.
Get the best of Sporcle when you Go Orange. This ad-free experience offers more features, more stats, and more fun while also helping to support Sporcle. Thank you for becoming a member.

You're not logged in!

Compare scores with friends on all Sporcle quizzes.
OR
Log In

Show Comments

Extras

Top Quizzes Today


Score Distribution

Your Account Isn't Verified!

In order to create a playlist on Sporcle, you need to verify the email address you used during registration. Go to your Sporcle Settings to finish the process.

Report this User

Report this user for behavior that violates our Community Guidelines.

Details: